[Event "Xtracon Chess Open 2016"]
[Site "Elsinore"]
[Date "2016.07.31"]
[Round "10.159"]
[White "Haagen Larsen, Hans"]
[Black "Merkesvik, Amalie Isabel"]
[Result "1-0"]
[WhiteElo "1752"]
[BlackElo "1574"]
[PlyCount "67"]
[EventDate "2016.07.23"]

1. d4 d5 2. Bf4 Nf6 3. e3 e6 4. Nf3 Bd6 5. Ne5 Nbd7 6. Nd2 Nh5 7. Qxh5 O-O 8.
Bd3 Nf6 9. Qh3 Re8 10. g4 g6 11. Bg5 Bf8 12. f4 Bg7 13. O-O Qd6 14. Bh6 Qf8 15.
Bxg7 Qxg7 16. Kh1 Nd7 17. Nxd7 Bxd7 18. f5 exf5 19. gxf5 b6 20. c3 c5 21. Rf4
Rac8 22. Qf3 c4 23. Bc2 b5 24. fxg6 fxg6 25. Rf1 Be6 26. e4 Rcd8 27. e5 a6 28.
Rf6 Rd7 29. Rg1 Bf7 30. h4 Re6 31. Qf4 Rxf6 32. exf6 Qf8 33. h5 Qe8 34. Nf3 1-0

[Event "Xtracon Chess Open 2016"]
[Site "Elsinore"]
[Date "2016.07.31"]
[Round "10.160"]
[White "Yilmaz, Kazim"]
[Black "Maselli, Daniel"]
[Result "0-1"]
[WhiteElo "1542"]
[BlackElo "1751"]
[PlyCount "104"]
[EventDate "2016.07.23"]

1. e4 c5 2. Nc3 d6 3. Nf3 Nc6 4. Bc4 g6 5. O-O Bg7 6. d3 Nf6 7. h3 O-O 8. Bg5
a6 9. a4 h6 10. Bh4 g5 11. Bg3 Nh5 12. Nh2 Nxg3 13. fxg3 e6 14. Qh5 Ne5 15. Ng4
Nxg4 16. Qxg4 d5 17. Bb3 c4 18. dxc4 dxc4 19. Ba2 Qb6+ 20. Kh1 Qxb2 21. Ne2
Qxc2 22. Bb1 Qb3 23. Ra2 Bd7 24. h4 f5 25. exf5 exf5 26. Qh5 Be8 27. Qf3 Qxf3
28. Rxf3 Bg6 29. hxg5 hxg5 30. a5 Rad8 31. Kh2 Rd1 32. Bc2 Re1 33. Ba4 g4 34.
Re3 Kf7 35. Re8 Rxe8 36. Bxe8+ Kxe8 37. Nf4 Bf7 38. Re2+ Rxe2 39. Nxe2 Be5 40.
Kg1 Bd5 41. Kf2 c3 42. Kf1 c2 43. Kf2 Bc4 44. Nc1 Bb2 45. Ne2 Bxe2 46. Kxe2
c1=Q 47. Kd3 Ke7 48. Ke2 Ke6 49. Kd3 Ke5 50. Ke2 Ke4 51. Kf2 Bc3 52. Ke2 Qe1#
0-1

[Event "Xtracon Chess Open 2016"]
[Site "Elsinore"]
[Date "2016.07.31"]
[Round "10.161"]
[White "Nielsen, Leo"]
[Black "Cithu, Arun Vijay"]
[Result "0-1"]
[WhiteElo "1749"]
[BlackElo "1501"]
[PlyCount "81"]
[EventDate "2016.07.23"]

1. e4 e6 2. d4 d5 3. exd5 exd5 4. Nf3 Nf6 5. Bg5 Nbd7 6. Nc3 c6 7. Bd3 Be7 8.
O-O O-O 9. Qe2 Re8 10. Ne5 c5 11. Rae1 cxd4 12. Nxd7 Bxd7 13. Nb5 Bb4 14. Bxf6
Rxe2 15. Bxd8 Rxe1 16. Bh4 Rxf1+ 17. Kxf1 Bxb5 18. Bxb5 Rc8 19. Bd3 Re8 20. f3
a6 21. a4 Bd6 22. Bf2 g6 23. h3 f5 24. Be2 f4 25. Ke1 Be5 26. Bd3 Rb8 27. Kd2
b5 28. axb5 axb5 29. b3 b4 30. Kc1 Kf7 31. Kb2 Kf6 32. Kb1 h6 33. Bh4+ g5 34.
Be1 h5 35. Be2 Bd6 36. Bf2 Bc5 37. Kc1 Rc8 38. Bd3 Rg8 39. Bb5 g4 40. Bh4+ Ke5
41. fxg4 0-1

[Event "Xtracon Chess Open 2016"]
[Site "Elsinore"]
[Date "2016.07.31"]
[Round "10.162"]
[White "Sidali, Elias Hulleberg"]
[Black "Norevall, Ulf"]
[Result "1/2-1/2"]
[WhiteElo "1491"]
[BlackElo "1749"]
[PlyCount "119"]
[EventDate "2016.07.23"]

1. e4 c5 2. Nf3 Nc6 3. Bb5 e6 4. O-O Nge7 5. Re1 a6 6. Bf1 d5 7. exd5 Nxd5 8.
d4 cxd4 9. Nxd4 Bd7 10. c4 Nxd4 11. Qxd4 Nb4 12. Qd1 Be7 13. a3 Nc6 14. Be3 Bf6
15. Qc2 Qa5 16. Nd2 O-O 17. b4 Qc7 18. Rad1 g6 19. Ne4 Bg7 20. Nc5 Rad8 21. Rd2
Bc8 22. Red1 Rxd2 23. Rxd2 Rd8 24. Rxd8+ Qxd8 25. Qd2 Qxd2 26. Bxd2 Bb2 27. a4
f5 28. Nd3 Bd4 29. g3 Kf7 30. Bg2 e5 31. b5 axb5 32. axb5 Nb8 33. Kf1 Nd7 34.
Ke2 e4 35. Nc1 Nc5 36. Bb4 Be6 37. Ke1 Bxc4 38. Bf1 Bxf1 39. Kxf1 Ke6 40. Ne2
Bxf2 41. Nf4+ Ke5 42. Kxf2 g5 43. Ke3 Nd7 44. Ne2 Nb6 45. Kd2 f4 46. gxf4+ gxf4
47. Bc5 Nd5 48. Bd4+ Kf5 49. Nc3 e3+ 50. Ke2 Nxc3+ 51. Bxc3 Ke4 52. Kf1 h5 53.
h4 Kd3 54. Ba5 f3 55. Bb6 Ke4 56. Bc5 Kd3 57. Bb6 Kd2 58. Ba5+ Kd1 59. Bb4 Kc2
60. Bc5 1/2-1/2

[Event "Xtracon Chess Open 2016"]
[Site "Elsinore"]
[Date "2016.07.31"]
[Round "10.163"]
[White "Narheim, Mats"]
[Black "Pedersen, Kim Michael"]
[Result "1-0"]
[WhiteElo "1467"]
[BlackElo "1745"]
[PlyCount "72"]
[EventDate "2016.07.23"]

1. e4 c6 2. d4 d5 3. e5 Bf5 4. Nf3 h6 5. Nc3 e6 6. Be2 Nd7 7. Bf4 Ne7 8. O-O
Ng6 9. Be3 Be7 10. Qd2 c5 11. Bb5 Rc8 12. dxc5 Bxc5 13. Bxc5 Rxc5 14. Qd4 b6
15. Qa4 Qc7 16. Rfe1 Ne7 17. Nd4 Qb7 18. Ba6 Qc7 19. Ncb5 Qd8 20. Nd6+ Kf8 21.
Nb7 Qc7 22. Nxc5 Nxc5 23. Qb5 Bh7 24. Re3 g5 25. Rc3 Qxe5 26. Nc6 Nxc6 27. Qxc6
d4 28. Ra3 Bxc2 29. b4 d3 30. Rf1 Nxa6 31. Rxa6 Qe2 32. Rxa7 Kg7 33. Qc3+ Kg6
34. Qxh8 d2 35. Qg8+ Kh5 36. Qxf7+ Bg6 1-0

[Event "Xtracon Chess Open 2016"]
[Site "Elsinore"]
[Date "2016.07.31"]
[Round "10.164"]
[White "Skjolingstad, Sverre"]
[Black "Madison, Sigurd"]
[Result "0-1"]
[WhiteElo "1509"]
[BlackElo "1846"]
[PlyCount "72"]
[EventDate "2016.07.23"]

1. e4 e5 2. Nf3 Nc6 3. Bb5 a6 4. Ba4 b5 5. Bb3 Bb7 6. c3 Qe7 7. O-O Na5 8. Bc2
c5 9. d4 Nc6 10. dxe5 Nxe5 11. Nxe5 Qxe5 12. f4 Qc7 13. Qe2 Ne7 14. c4 Nc6 15.
Be3 Be7 16. Nc3 Nd4 17. Bxd4 cxd4 18. Nd5 Bxd5 19. cxd5 Bc5 20. Kh1 O-O 21. Rf3
Rfe8 22. e5 g6 23. a3 Rac8 24. Bb3 Bf8 25. Qd2 d6 26. e6 f5 27. Rd1 Qe7 28. g3
Qb7 29. Kg2 Rc4 30. Bxc4 bxc4 31. Kf1 Qxd5 32. Re3 Qh1+ 33. Ke2 Qg2+ 34. Ke1
Qxd2+ 35. Rxd2 c3 36. Rxc3 Rxe6+ 0-1

[Event "Xtracon Chess Open 2016"]
[Site "Elsinore"]
[Date "2016.07.31"]
[Round "10.165"]
[White "Rasmussen, Morten(1956)"]
[Black "Jacobsen, Caroline Beer"]
[Result "1-0"]
[WhiteElo "1808"]
[BlackElo "1544"]
[PlyCount "63"]
[EventDate "2016.07.23"]

1. d4 Nf6 2. Nf3 e6 3. e3 d5 4. Bd3 c5 5. c3 c4 6. Bc2 Be7 7. O-O O-O 8. Nbd2
Nc6 9. Qe2 b5 10. e4 a5 11. Ne5 Qc7 12. Nxc6 Qxc6 13. e5 Ne8 14. a3 Ba6 15. Qh5
g6 16. Qh6 Ng7 17. Nf3 Nf5 18. Bxf5 exf5 19. Ng5 Bxg5 20. Bxg5 f6 21. Bxf6 Ra7
22. Rfe1 Rff7 23. Re3 Rab7 24. Rg3 Rxf6 25. exf6 Qxf6 26. Re1 Re7 27. Rxe7 Qxe7
28. Re3 Qf7 29. Qg5 Kf8 30. Qd8+ Kg7 31. Re7 Qxe7 32. Qxe7+ 1-0

[Event "Xtracon Chess Open 2016"]
[Site "Elsinore"]
[Date "2016.07.31"]
[Round "10.166"]
[White "Sather, Lars"]
[Black "Vinther, Christoffer"]
[Result "1-0"]
[WhiteElo "1799"]
[BlackElo "1509"]
[PlyCount "37"]
[EventDate "2016.07.23"]

1. e4 e5 2. Bc4 Nc6 3. Nc3 Nf6 4. Nf3 Bc5 5. a3 O-O 6. d3 d6 7. h3 Be6 8. Nd5
Nxd5 9. exd5 Nd4 10. dxe6 Nxf3+ 11. gxf3 d5 12. Bb3 fxe6 13. Be3 Bxe3 14. fxe3
Qh4+ 15. Kd2 Qf2+ 16. Qe2 Qxf3 17. Qxf3 Rxf3 18. Raf1 Rg3 19. Ke2 1-0

[Event "Xtracon Chess Open 2016"]
[Site "Elsinore"]
[Date "2016.07.31"]
[Round "10.167"]
[White "Nielsen, Kai Gylling"]
[Black "Wadtland, Flemming"]
[Result "1-0"]
[WhiteElo "1780"]
[BlackElo "1504"]
[PlyCount "63"]
[EventDate "2016.07.23"]

1. c4 c5 2. Nf3 g6 3. g3 Bg7 4. Nc3 Nf6 5. Bg2 O-O 6. O-O Nc6 7. e3 e5 8. d4
exd4 9. exd4 Na5 10. Qd3 d6 11. Nh4 a6 12. Be3 cxd4 13. Bxd4 Be6 14. b3 Rc8 15.
Rad1 Qd7 16. Bxf6 Bxf6 17. Ne4 Be7 18. Qc3 Qc7 19. Nf6+ Bxf6 20. Qxf6 Nc6 21.
Nf3 Rcd8 22. h4 Qe7 23. Qf4 Rd7 24. Rfe1 Kg7 25. h5 Qd8 26. h6+ Kg8 27. Ng5 Ne5
28. c5 Bg4 29. Rxd6 f6 30. Bd5+ Kh8 31. Rxe5 fxe5 32. Qxe5+ 1-0

[Event "Xtracon Chess Open 2016"]
[Site "Elsinore"]
[Date "2016.07.31"]
[Round "10.168"]
[White "Fjellengen, Bard"]
[Black "Jensen, Jonbert"]
[Result "0-1"]
[WhiteElo "1764"]
[BlackElo "1492"]
[PlyCount "80"]
[EventDate "2016.07.23"]

1. d4 Nf6 2. c4 c6 3. Nc3 d5 4. cxd5 cxd5 5. g3 g6 6. Bg2 Bg7 7. Nf3 O-O 8. O-O
Nc6 9. Ne5 a6 10. a3 Qc7 11. Nxc6 bxc6 12. b3 Bb7 13. Bf4 Qd7 14. Na4 Ra7 15.
Nc5 Qc8 16. Qd3 e6 17. Rfc1 Nd7 18. Bd6 Re8 19. f4 Bf8 20. Bxf8 Kxf8 21. Qc3
Ba8 22. Nxe6+ Rxe6 23. Bxd5 Rd6 24. Bf3 Kg8 25. e4 Qe8 26. e5 Re6 27. d5 cxd5
28. Qd4 Qb8 29. Bxd5 Re8 30. Bc6 Rd8 31. e6 fxe6 32. Bxa8 Qxa8 33. Rd1 Rc7 34.
Rac1 Rxc1 35. Rxc1 Rc8 36. Rd1 Nf8 37. Qd2 Qc6 38. Qe3 Qc2 39. Rd3 Qb2 40. Qd2
Rc1+ 0-1

[Event "Xtracon Chess Open 2016"]
[Site "Elsinore"]
[Date "2016.07.31"]
[Round "10.169"]
[White "Sebastian, Andreas"]
[Black "Janse, Circe"]
[Result "1-0"]
[WhiteElo "1754"]
[BlackElo "1427"]
[PlyCount "45"]
[EventDate "2016.07.23"]

1. e4 e5 2. Nf3 Nc6 3. Bc4 Nf6 4. d3 Be7 5. c3 d6 6. O-O h6 7. Re1 Bg4 8. h3
Bc8 9. Bb3 g5 10. d4 g4 11. dxe5 dxe5 12. Qxd8+ Bxd8 13. hxg4 Bxg4 14. Nh4 Be7
15. f3 Bh5 16. Nf5 Bc5+ 17. Kf1 O-O-O 18. Bxh6 Rhg8 19. Be3 Bxe3 20. Nxe3 Rg7
21. Na3 Na5 22. Bc2 Rdg8 23. Nf5 1-0

[Event "Xtracon Chess Open 2016"]
[Site "Elsinore"]
[Date "2016.07.31"]
[Round "10.170"]
[White "Maselli, David"]
[Black "Andersen, Johnny"]
[Result "0-1"]
[WhiteElo "1567"]
[BlackElo "1740"]
[PlyCount "120"]
[EventDate "2016.07.23"]

1. d4 e6 2. Nc3 Bb4 3. e4 d5 4. Bd3 Nf6 5. Bg5 h6 6. Bxf6 Qxf6 7. e5 Qe7 8.
Nge2 c5 9. Bb5+ Bd7 10. Bxd7+ Nxd7 11. f4 cxd4 12. Nxd4 a6 13. O-O Bxc3 14.
bxc3 Qc5 15. Rf3 O-O-O 16. Qb1 Nb8 17. Kh1 Nc6 18. Nxc6 Qxc6 19. Qb4 g6 20. Rb1
Rd7 21. Qd4 Kc7 22. Rd3 Rc8 23. a4 Kd8 24. Rb4 Qc5 25. Kg1 Qxd4+ 26. Rbxd4 Rdc7
27. Rb4 Ke8 28. Rh3 h5 29. g4 Rxc3 30. Rxc3 Rxc3 31. Rxb7 Rxc2 32. Ra7 Rc4 33.
Rxa6 Rxf4 34. gxh5 gxh5 35. a5 Ra4 36. Ra7 Kf8 37. a6 Kg7 38. Ra8 Kg6 39. a7
Kf5 40. Rh8 Rxa7 41. Rxh5+ Kg6 42. Rh3 d4 43. Kf2 Rd7 44. Ke2 Kf5 45. Rh5+ Ke4
46. Rg5 Rb7 47. h4 Rb2+ 48. Kd1 Rh2 49. Rh5 Ke3 50. Rg5 Rh1+ 51. Kc2 d3+ 52.
Kc3 Rc1+ 53. Kb2 d2 54. Rg3+ Kf2 55. Rd3 d1=Q 56. Rxd1 Rxd1 57. Kc3 Ke3 58. Kc4
Ke4 59. h5 Rh1 60. Kc5 Kxe5 0-1

[Event "Xtracon Chess Open 2016"]
[Site "Elsinore"]
[Date "2016.07.31"]
[Round "10.171"]
[White "Petersen, Jan"]
[Black "Linjord, David Jess"]
[Result "1/2-1/2"]
[WhiteElo "1694"]
[BlackElo "1488"]
[PlyCount "59"]
[EventDate "2016.07.23"]

1. d4 Nf6 2. c4 g6 3. Nc3 d5 4. cxd5 Nxd5 5. e4 Nxc3 6. bxc3 Bg7 7. Ba3 O-O 8.
Nf3 b6 9. Bd3 Bb7 10. Qc2 Nd7 11. Rb1 Rc8 12. O-O c5 13. Qe2 cxd4 14. cxd4 Nf6
15. Rfc1 Bh6 16. Rxc8 Bxc8 17. Bc1 Bxc1 18. Rxc1 Bg4 19. d5 e6 20. dxe6 Bxe6
21. Bb5 Bd7 22. e5 Nh5 23. Qb2 Bxb5 24. Qxb5 Nf4 25. Qc4 Ne6 26. Qa6 Qd7 27.
Qe2 Rd8 28. h3 Qd3 29. Qxd3 Rxd3 30. Rf1 1/2-1/2

[Event "Xtracon Chess Open 2016"]
[Site "Elsinore"]
[Date "2016.07.31"]
[Round "10.172"]
[White "Madsen, Dennis"]
[Black "Kvaloy, Ola"]
[Result "1-0"]
[WhiteElo "1665"]
[BlackElo "1408"]
[PlyCount "73"]
[EventDate "2016.07.23"]

1. d4 Nf6 2. Nc3 d5 3. e4 e6 4. e5 Nfd7 5. Nf3 c5 6. Ne2 cxd4 7. Nexd4 a6 8.
Be2 Bc5 9. c3 O-O 10. O-O Qb6 11. Bd3 Nc6 12. Bxh7+ Kh8 13. Bc2 g6 14. Nxc6
bxc6 15. b4 Be7 16. Bh6 Re8 17. Qe2 a5 18. Be3 Qc7 19. Bd4 axb4 20. cxb4 Ra3
21. Qd2 Kg7 22. Bb3 Rh8 23. Rac1 Rh5 24. Rfe1 Ra8 25. Bd1 Ba6 26. g4 Rh3 27.
Qf4 Rah8 28. Re3 Kg8 29. Ba4 Bc4 30. Bc5 Bxc5 31. Ng5 f6 32. Rxh3 Rxh3 33. Nxh3
fxe5 34. Qh6 Bxb4 35. Qxg6+ Kh8 36. Ng5 Nf8 37. Nf7+ 1-0

[Event "Xtracon Chess Open 2016"]
[Site "Elsinore"]
[Date "2016.07.31"]
[Round "10.173"]
[White "Gaure, Sigurd Lauvas"]
[Black "Gjare, Vidar"]
[Result "0-1"]
[WhiteElo "1514"]
[BlackElo "1646"]
[PlyCount "84"]
[EventDate "2016.07.23"]

1. e4 e5 2. Nf3 Nc6 3. Bb5 a6 4. Ba4 Nf6 5. O-O Be7 6. Re1 O-O 7. Bxc6 dxc6 8.
Nxe5 Bd6 9. Nc4 Bc5 10. h3 Qd4 11. Qe2 b5 12. Nca3 Re8 13. d3 Qe5 14. c3 Bb6
15. Nd2 Bxh3 16. d4 Qg5 17. Qf1 Be6 18. e5 Ng4 19. Ne4 Qh5 20. Bf4 Bd5 21. Nc2
Bc4 22. Re2 Bxe2 23. Qxe2 Qf5 24. Qf3 h5 25. Ne3 Nxe3 26. Qxe3 f6 27. Ng3 Qg4
28. f3 Qg6 29. Qe2 h4 30. Nf1 Qf5 31. Be3 fxe5 32. dxe5 Rxe5 33. Qf2 Bxe3 34.
Nxe3 Qf4 35. Ng4 Rh5 36. Re1 Rf8 37. Re4 Qg3 38. Qd4 Rd5 39. Nf6+ Rxf6 40. Qxf6
gxf6 41. Rg4+ Kf7 42. Rxg3 hxg3 0-1

[Event "Xtracon Chess Open 2016"]
[Site "Elsinore"]
[Date "2016.07.31"]
[Round "10.174"]
[White "Amarapala, Anton"]
[Black "Rasmussen, Bjarne Berring"]
[Result "1/2-1/2"]
[WhiteElo "1487"]
[BlackElo "1634"]
[PlyCount "35"]
[EventDate "2016.07.23"]

1. e4 c6 2. d4 d5 3. Nc3 dxe4 4. Nxe4 Bf5 5. Ng3 Bg6 6. h4 h6 7. h5 Bh7 8. Bd3
Bxd3 9. Qxd3 Nf6 10. Nf3 Nbd7 11. Bd2 e6 12. O-O-O Be7 13. Kb1 Bd6 14. Ne4 Be7
15. Nxf6+ Bxf6 16. g4 Qc7 17. Rhe1 O-O-O 18. Qa3 1/2-1/2

[Event "Xtracon Chess Open 2016"]
[Site "Elsinore"]
[Date "2016.07.31"]
[Round "10.175"]
[White "Jensen, Hans Askov"]
[Black "Joensen, Sigurd"]
[Result "0-1"]
[WhiteElo "1469"]
[BlackElo "1615"]
[PlyCount "52"]
[EventDate "2016.07.23"]

1. e4 e5 2. Nf3 Nc6 3. Bb5 d6 4. O-O Bd7 5. c3 Nf6 6. Re1 a6 7. Bc4 Bg4 8. h3
Bh5 9. d4 Bxf3 10. Qxf3 exd4 11. Bg5 Ne5 12. Qe2 dxc3 13. Nxc3 Nxc4 14. Qxc4 c6
15. e5 dxe5 16. Rxe5+ Be7 17. Rae1 O-O 18. Rxe7 Qd6 19. Rxb7 h6 20. Bxf6 Qxf6
21. Ree7 Rad8 22. Ne4 Rd1+ 23. Kh2 Qf4+ 24. g3 Qf3 25. Nf6+ Kh8 26. Qe4 Rh1#
0-1

[Event "Xtracon Chess Open 2016"]
[Site "Elsinore"]
[Date "2016.07.31"]
[Round "10.176"]
[White "Tjora, Alexander"]
[Black "Starup, Leo"]
[Result "1-0"]
[WhiteElo "1411"]
[BlackElo "1598"]
[PlyCount "85"]
[EventDate "2016.07.23"]

1. d4 d5 2. c4 e6 3. Nc3 Nf6 4. cxd5 exd5 5. Bg5 Nbd7 6. e3 Be7 7. Bd3 h6 8.
Bh4 O-O 9. Nge2 b6 10. Bg3 c6 11. Nf4 Bb7 12. Rc1 a5 13. b3 Bb4 14. O-O Re8 15.
Na4 Ne4 16. Bxe4 Rxe4 17. Nc3 Re8 18. Re1 Qe7 19. e4 Nf6 20. e5 Ne4 21. Nxe4
Bxe1 22. Nd6 Bxf2+ 23. Bxf2 Rac8 24. Nxe8 Rxe8 25. Qg4 Bc8 26. Qh5 Bd7 27. Re1
g5 28. Nd3 Qe6 29. h4 Qf5 30. Nc1 g4 31. Qxh6 Re6 32. Qg5+ Rg6 33. Qxf5 Bxf5
34. g3 Be4 35. Be3 Re6 36. a3 Bf3 37. Nd3 Be4 38. Nb2 Bc2 39. Na4 c5 40. dxc5
Rxe5 41. Bd2 f6 42. Rxe5 fxe5 43. cxb6 1-0

[Event "Xtracon Chess Open 2016"]
[Site "Elsinore"]
[Date "2016.07.31"]
[Round "10.178"]
[White "Hina, Ariza"]
[Black "Gade, Jens"]
[Result "1/2-1/2"]
[WhiteElo "1370"]
[BlackElo "1575"]
[PlyCount "116"]
[EventDate "2016.07.23"]

1. e4 c5 2. Nc3 d6 3. f4 Nc6 4. Bc4 e6 5. Nf3 Be7 6. O-O a6 7. a4 Nf6 8. d3 O-O
9. Qe1 Nb4 10. Qf2 Qc7 11. Kh1 Bd7 12. Rg1 Ng4 13. Qe2 Kh8 14. h3 Nf6 15. g4
Bc6 16. g5 Ng8 17. h4 Rae8 18. h5 d5 19. Bb3 dxe4 20. Nxe4 Nd5 21. Qh2 f5 22.
Nf2 Nxf4 23. Qxf4 Qxf4 24. Bxf4 Bxf3+ 25. Kh2 Bxh5 26. Bxe6 Rd8 27. Bc7 Bd6+
28. Bxd6 Rxd6 29. Bc4 Ne7 30. Rae1 Nc6 31. c3 Rdd8 32. Re6 Bf7 33. Re3 Bxc4 34.
dxc4 Rd2 35. Rg2 Rxb2 36. Nd3 Rxg2+ 37. Kxg2 b6 38. Re6 Rc8 39. Kf3 Kg8 40. Kf4
g6 41. Rf6 Kg7 42. Rd6 Kf7 43. Rd7+ Kg8 44. Rb7 Rb8 45. Rc7 Na5 46. Ne5 Rb7 47.
Rc8+ Kg7 48. Ra8 h6 49. gxh6+ Kxh6 50. Rh8+ Kg7 51. Ra8 Nb3 52. Rxa6 Nc1 53.
Kg5 Ne2 54. Nxg6 Nxc3 55. Nh4 Ne4+ 56. Kf4 Nd6 57. Nxf5+ Nxf5 58. Kxf5 Kf7
1/2-1/2

[Event "Xtracon Chess Open 2016"]
[Site "Elsinore"]
[Date "2016.07.31"]
[Round "10.179"]
[White "Amarapala, Sheroni"]
[Black "Kristensen, Thomas Overgaard"]
[Result "1/2-1/2"]
[WhiteElo "1330"]
[BlackElo "1568"]
[PlyCount "47"]
[EventDate "2016.07.23"]

1. e4 c6 2. d4 d5 3. Nc3 dxe4 4. Nxe4 Nf6 5. Qd3 Nbd7 6. Nf3 Nxe4 7. Qxe4 Nf6
8. Qd3 Bg4 9. c3 e6 10. Bf4 Qb6 11. b4 Be7 12. Be2 Rd8 13. a4 a6 14. a5 Qa7 15.
O-O O-O 16. h3 Bf5 17. Qc4 Nd5 18. Bg3 Be4 19. Nd2 Bg6 20. Bd3 Bxd3 21. Qxd3
Nxb4 22. cxb4 Rxd4 23. Qe3 Ra8 24. Be5 1/2-1/2

[Event "Xtracon Chess Open 2016"]
[Site "Elsinore"]
[Date "2016.07.31"]
[Round "10.181"]
[White "Birkestrand, Odd H"]
[Black "Svane, Freja"]
[Result "1-0"]
[WhiteElo "1676"]
[BlackElo "1302"]
[PlyCount "47"]
[EventDate "2016.07.23"]

1. d4 d5 2. e3 Nf6 3. c4 e6 4. Nf3 b6 5. a3 c5 6. Nc3 Bb7 7. cxd5 Nxd5 8. Be2
Bd6 9. O-O O-O 10. Qc2 Qf6 11. Nxd5 exd5 12. Bd3 Qh6 13. e4 Qh5 14. e5 Be7 15.
Bf4 h6 16. Be2 Nc6 17. Rad1 Qg4 18. Ng5 Qxg5 19. Bxg5 Bxg5 20. dxc5 bxc5 21.
Qxc5 Nxe5 22. f4 Nd7 23. Qc7 Nc5 24. fxg5 1-0

[Event "Xtracon Chess Open 2016"]
[Site "Elsinore"]
[Date "2016.07.31"]
[Round "10.182"]
[White "Kharraziha, Hamid"]
[Black "Wanvik, Tim"]
[Result "1-0"]
[WhiteElo "1427"]
[BlackElo "1479"]
[PlyCount "93"]
[EventDate "2016.07.23"]

1. e4 e5 2. Nc3 Nf6 3. f4 d5 4. fxe5 Nxe4 5. d3 Nxc3 6. bxc3 Nc6 7. Nf3 Bg4 8.
d4 Be7 9. Be2 O-O 10. O-O f6 11. Bf4 Bxf3 12. Bxf3 fxe5 13. dxe5 Bc5+ 14. Kh1
d4 15. c4 Kh8 16. Bg3 Re8 17. Re1 Re6 18. Bd5 Rg6 19. Qf3 Qe7 20. Re4 Rf8 21.
Rf4 Rxf4 22. Qxf4 Nb4 23. Qf7 Qxf7 24. Bxf7 Rg4 25. e6 Nxc2 26. Rb1 d3 27. Rxb7
h6 28. Bh5 Rg5 29. Bf3 Rf5 30. Rb8+ Rf8 31. Rxf8+ Bxf8 32. Be4 Nb4 33. Be1 Nxa2
34. Bxd3 Nc1 35. Bg6 Nb3 36. Bh4 Na5 37. e7 Bxe7 38. Bxe7 Nxc4 39. Bd8 c6 40.
Be8 Ne5 41. Bc7 Ng4 42. Bxc6 Kh7 43. Bb8 a6 44. Ba7 Ne5 45. Be4+ Ng6 46. Bb6 h5
47. Bd3 1-0

[Event "Xtracon Chess Open 2016"]
[Site "Elsinore"]
[Date "2016.07.31"]
[Round "10.183"]
[White "Trasti, Nora Christine"]
[Black "Edwardsson, Hannu Kalervo"]
[Result "0-1"]
[WhiteElo "1367"]
[BlackElo "1451"]
[PlyCount "92"]
[EventDate "2016.07.23"]

1. d4 d5 2. c4 c6 3. Nc3 e6 4. Nf3 Nf6 5. a3 Be7 6. Qc2 h6 7. e3 Na6 8. Bd3 O-O
9. O-O Nc7 10. e4 dxe4 11. Nxe4 Nxe4 12. Bxe4 f5 13. Bd3 Bd7 14. Bf4 Bf6 15.
Ne5 Bxe5 16. Bxe5 Ne8 17. Be2 Nf6 18. h3 b6 19. Qc3 Ne4 20. Qc1 Qg5 21. Bf4 Qg6
22. Qd1 Nf6 23. Rc1 Rac8 24. Rc3 Ne4 25. Rd3 Qh7 26. Bf3 Nf6 27. Bd6 Rfe8 28.
Re1 Ne4 29. Bh5 Nxd6 30. Bxe8 Rxe8 31. b3 Ne4 32. f3 Nf6 33. Rde3 Qg6 34. Kh2
f4 35. R3e2 Qg3+ 36. Kh1 Qg6 37. g4 h5 38. Rg1 hxg4 39. hxg4 Kf7 40. Rh2 e5 41.
g5 Nh5 42. dxe5 Bf5 43. Re1 Re7 44. Qd6 Qxd6 45. exd6 Rxe1+ 46. Kg2 Re2+ 0-1

[Event "Xtracon Chess Open 2016"]
[Site "Elsinore"]
[Date "2016.07.31"]
[Round "10.184"]
[White "Huse, Lars Paul"]
[Black "Larsen, Alex"]
[Result "1/2-1/2"]
[WhiteElo "1121"]
[BlackElo "1442"]
[PlyCount "20"]
[EventDate "2016.07.23"]

1. e4 c5 2. Nf3 Nc6 3. Bc4 e6 4. d3 g6 5. O-O Bg7 6. Bd2 Bxb2 7. Nc3 Bxa1 8.
Qxa1 f6 9. Ne2 e5 10. h3 Nd4 1/2-1/2

[Event "Xtracon Chess Open 2016"]
[Site "Elsinore"]
[Date "2016.07.31"]
[Round "10.186"]
[White "Hestholm, Freddy"]
[Black "Skjoldager, Morten"]
[Result "1/2-1/2"]
[WhiteElo "1281"]
[BlackElo "1629"]
[PlyCount "37"]
[EventDate "2016.07.23"]

1. e4 e5 2. Bc4 Bc5 3. Nf3 Nc6 4. d4 exd4 5. Ng5 Nh6 6. Qf3 Ne5 7. Qh5 Qf6 8.
Bxf7+ Nhxf7 9. Nxf7 Bb4+ 10. Nd2 Nxf7 11. a3 Bd6 12. Nc4 O-O 13. O-O Bf4 14.
Qf3 Bg5 15. Qb3 d6 16. Bxg5 Qxg5 17. Rfe1 Bh3 18. Qxh3 Ne5 19. Qe6+ 1/2-1/2

[Event "Xtracon Chess Open 2016"]
[Site "Elsinore"]
[Date "2016.07.31"]
[Round "10.187"]
[White "Glaschak, Joachim"]
[Black "Huse, Arne Kjelsbol"]
[Result "1/2-1/2"]
[WhiteElo "1570"]
[BlackElo "1163"]
[PlyCount "65"]
[EventDate "2016.07.23"]

1. d4 d5 2. c4 c6 3. e3 Bf5 4. Nf3 Nf6 5. Nc3 e6 6. a3 Bd6 7. c5 Bc7 8. h3 O-O
9. Bd3 Bxd3 10. Qxd3 b6 11. b4 Nbd7 12. Bb2 Re8 13. O-O e5 14. Qc2 e4 15. Nh2
Qb8 16. g3 Nh5 17. Ne2 Nf8 18. cxb6 Qxb6 19. Qc5 Qa6 20. Qc2 Ne6 21. h4 Nd8 22.
Rac1 Rc8 23. Qd1 Nf6 24. Nc3 Bb8 25. Ng4 Nd7 26. Qe2 Qxe2 27. Nxe2 h5 28. Nh2
Nf6 29. b5 Re7 30. a4 Rcc7 31. f3 cxb5 32. axb5 Nb7 33. Bc3 1/2-1/2

[Event "Xtracon Chess Open 2016"]
[Site "Elsinore"]
[Date "2016.07.31"]
[Round "10.188"]
[White "Cithu, Arjun Vijay"]
[Black "Morling, Aase"]
[Result "1-0"]
[WhiteElo "1330"]
[BlackElo "1539"]
[PlyCount "107"]
[EventDate "2016.07.23"]

1. e4 e5 2. Nf3 Nc6 3. d4 exd4 4. Bc4 Nf6 5. e5 d5 6. Bb5 Ne4 7. Nxd4 Bd7 8.
Bxc6 bxc6 9. O-O Bc5 10. Be3 O-O 11. f3 Ng5 12. Nc3 Ne6 13. f4 Nxd4 14. Bxd4
Bxd4+ 15. Qxd4 Bf5 16. Rf2 Qb8 17. b3 Qb6 18. Rd1 Rad8 19. Na4 Qxd4 20. Rxd4 f6
21. Re2 fxe5 22. fxe5 Rfe8 23. Nc5 Re7 24. Rf4 Rf8 25. Ref2 Rxe5 26. Nd3 g5 27.
R4f3 Re4 28. Rxf5 Rxf5 29. Rxf5 h6 30. Re5 Kg7 31. Rxe4 dxe4 32. Nc5 e3 33. Kf1
Kf6 34. Ke2 Ke5 35. Kxe3 Kd5 36. Nb7 c5 37. Nd8 h5 38. c4+ Ke5 39. Nc6+ Kd6 40.
Nxa7 c6 41. Nc8+ Kd7 42. Nb6+ Kc7 43. Na4 Kd6 44. Ke4 g4 45. Kf4 Ke6 46. Kg5
Ke5 47. Kxh5 Kf4 48. g3+ Kf3 49. Kg5 Kg2 50. Kxg4 Kxh2 51. Kf4 Kh3 52. g4 Kh4
53. g5 Kh5 54. Kf5 1-0

[Event "Xtracon Chess Open 2016"]
[Site "Elsinore"]
[Date "2016.07.31"]
[Round "10.190"]
[White "Christoffersen, Micki Aron"]
[Black "Hestholm, Sverre"]
[Result "0-1"]
[WhiteElo "1263"]
[BlackElo "1418"]
[PlyCount "122"]
[EventDate "2016.07.23"]

1. e4 e5 2. Nf3 Nf6 3. Nc3 Bb4 4. Be2 d6 5. O-O Bxc3 6. dxc3 Nxe4 7. Bd3 Nc5 8.
Re1 Nc6 9. Be3 Nxd3 10. cxd3 O-O 11. Bd2 Bg4 12. h3 Bh5 13. g4 Bg6 14. Bg5 Qd7
15. d4 exd4 16. Nxd4 Rfe8 17. Rxe8+ Rxe8 18. f3 h5 19. Qd2 Nxd4 20. cxd4 Qb5
21. Be3 Qd3 22. Re1 Qxd2 23. Bxd2 Rxe1+ 24. Bxe1 hxg4 25. hxg4 f6 26. Kf2 Kf7
27. Ke3 Ke6 28. Bc3 Kd5 29. f4 Bc2 30. f5 b6 31. Kf4 a5 32. Ke3 c6 33. Kf4 a4
34. Ke3 a3 35. Kd2 Bb1 36. bxa3 Bxa2 37. Kd3 Bb3 38. Bd2 Bd1 39. g5 Bg4 40.
gxf6 gxf6 41. Kc3 Bxf5 42. Kb4 Be4 43. a4 f5 44. Be3 Bd3 45. a5 bxa5+ 46. Kxa5
Ke4 47. Bg1 f4 48. Kb6 Bb5 49. Kc7 d5 50. Kd6 f3 51. Kc5 Kd3 52. Bf2 Ke2 53.
Bg1 f2 54. Bxf2 Kxf2 55. Kb4 Ke3 56. Kc3 Ke4 57. Kd2 Kxd4 58. Kc2 c5 59. Kd2 c4
60. Kc2 c3 61. Kc1 Kd3 0-1